Sports Quiz

Random Sports or Baseball Quiz

SI Sportsperson of the Year Quiz Stats

 Plays Quiz Updated Dec 26, 2018

Challenge
Share
Tweet
Embed
Score 0/65 Timer 10:00
0 Plays Today
Year Sportsperson % Correct
2008Michael Phelps
87.6%
2016LeBron James
87.6%
1996Tiger Woods
84.5%
2000Tiger Woods
84.5%
2012LeBron James
84.4%
1991Michael Jordan
80.4%
2002Lance Armstrong
80.2%
2015Serena Williams
72.3%
2013Peyton Manning
71.9%
2005Tom Brady
71.8%
2001Curt Schilling & Randy Johnson
63.1%
1958Rafer Johnson
60.4%
1982Wayne Gretzky
56.3%
1974Muhammad Ali
56%
2003Tim Duncan & David Robinson
50.5%
1998Mark McGwire & Sammy Sosa
48.2%
1978Jack Nicklaus
44.7%
1960Arnold Palmer
43.8%
2006Dwyane Wade
41.7%
2007Brett Favre
41.6%
1997Dean Smith
39.9%
1987Athletes Who Care
38.1%
1990Joe Montana
35.5%
2009Derek Jeter
32.1%
1970Bobby Orr
27.2%
1985Kareem Abdul-Jabbar
23.4%
1995Cal Ripken Jr.
22.6%
2017José Altuve & J.J. Watt
22.1%
1968Bill Russell
21.9%
1975Pete Rose
20.3%
1992Arthur Ashe
20.2%
1984Edwin Moses & Mary Lou Retton
20%
1972Billie Jean King & John Wooden
19.8%
Year Sportsperson % Correct
1989Greg LeMond
18.8%
2014Madison Bumgarner
17.2%
1981Sugar Ray Leonard
16.9%
2004Boston Red Sox
16.5%
2010Drew Brees
16.4%
1980US Olympic Hockey Team
15.3%
1979Terry Bradshaw & Willie Stargell
15.2%
1999US Women's Soccer Team
15.2%
2018Golden State Warriors
14.2%
1976Chris Evert
13.8%
1965Sandy Koufax
13.5%
1971Lee Trevino
12.6%
1994Bonnie Blair & Johann Olav Koss
9.6%
1954Roger Bannister
8.8%
1969Tom Seaver
8.3%
1988Orel Hershiser
8%
1957Stan Musial
7.5%
2011Mike Krzyzewski & Pat Summitt
7.1%
1967Carl Yastrzemski
6.3%
1973Jackie Stewart
4.3%
1977Steve Cauthen
4.1%
1986Joe Paterno
3.6%
1993Don Shula
3.6%
1983Mary Decker
3.2%
1955Johnny Podres
2.8%
1961Jerry Lucas
2.5%
1966Jim Ryun
2.4%
1964Ken Venturi
2.2%
1959Ingemar Johansson
1.6%
1962Terry Baker
1.4%
1963Pete Rozelle
1.3%
1956Bobby Joe Morrow
0.9%

You're not logged in!

Compare scores with friends on all Sporcle quizzes.
OR
Log In

You Might Also Like...

Show Comments

Extras

Top Quizzes Today


Score Distribution

Your Account Isn't Verified!

In order to create a playlist on Sporcle, you need to verify the email address you used during registration. Go to your Sporcle Settings to finish the process.

Report this User

Report this user for behavior that violates our Community Guidelines.

Details: